| 000 | 00619cam a2200217 4500500 | ||
|---|---|---|---|
| 005 | 20260405003312.0 | ||
| 041 | _afre | ||
| 042 | _adc | ||
| 100 | 1 | 0 |
_aTerraz, Pierre _eauthor |
| 245 | 0 | 0 | _aPourquoi rendons-nous service à autrui ? |
| 260 | _c2021. | ||
| 500 | _a38 | ||
| 690 | _aAide | ||
| 690 | _aAmitié | ||
| 690 | _aAmour-propre | ||
| 690 | _aDon | ||
| 690 | _aGratuité | ||
| 690 | _aMarcel Mauss | ||
| 786 | 0 | _nPhilosophie magazine | 150 | 6 | 2021-06-01 | p. 65-66 | 1951-1787 | |
| 856 | 4 | 1 | _uhttps://shs.cairn.info/magazine-philosophie-magazine-2021-6-page-65?lang=fr&redirect-ssocas=7080 |
| 999 |
_c2066289 _d2066289 |
||